|
|
|
|
| LEADER |
00000nam0a2200000 4500 |
| 001 |
285022 |
| 005 |
20231101235744.0 |
| 035 |
|
|
|a (RuTPU)RU\TPU\book\309220
|
| 090 |
|
|
|a 285022
|
| 100 |
|
|
|a 20150219d1968 k y0rusy50 ca
|
| 101 |
0 |
|
|a rus
|
| 102 |
|
|
|a RU
|
| 105 |
|
|
|a a z 001zy
|
| 200 |
1 |
|
|a Металлогения областей автономной активизации
|f А. Д. Щеглов
|
| 210 |
|
|
|a Ленинград
|c Недра
|d 1968
|
| 215 |
|
|
|a 180 с.
|c ил.
|
| 316 |
|
|
|5 63413507: КР-7600
|a На форзаце дарственная надпись: "Петровичу от Витяни в День ангела! Пусть останутся в памяти эти прекрасные дни. [Домаренко В. А.]
|
| 317 |
|
|
|5 63413507: КР-7600
|a Поступил в НТБ в 2021 г. в дар от семьи профессора ТПУ Л. П. Рихванова
|
| 320 |
|
|
|a Библиогр.: с. 171-179
|
| 330 |
|
|
|a Книга посвящена характеристике типов и закономерностей размещения эндогенных месторождений областей автономной активизации — особой группы рудных образований, возникающих в специфических геотектонических условиях послеплатформенного этапа развития земной коры. Рассмотрена металлогения областей автономной активизации в пределах складчатых зон, срединных массивов, платформ и их щитов и дана характеристика месторождений. Освещены закономерности размещения месторождений в пространстве, приведена характеристика рудных поясов. Разобран вопрос о роли разрывных нарушений в локализации месторождений и роль фундамента в металлогении областей автономной активизации, подчеркнута связь телетермальных месторождений с областями активизации. Отмечено, что так называемый западноевропейский тип минерализации тождествен орудененпю. проявляющемуся в активизированных областях. Рассмотрен вопрос о регенерированных месторождениях и их связи с областями активизации. Дана сравнительная характеристика основных металлогенических особенностей областей активизации, складчатых зон и платформ. Приведены общие рекомендации по направлению поисковых работ в областях активизации. Работа обобщает материал по областям автономной активизации территории СССР, а также ряда зарубежных стран. Книга рассчитана на широкий круг специалистов, занимающихся вопросами региональной металлогении и геологией эндогенных месторождений.
|
| 606 |
1 |
|
|a Металлогения эндогенная
|2 stltpush
|3 (RuTPU)RU\TPU\subj\42414
|9 62081
|
| 610 |
1 |
|
|a автономная активизация
|
| 610 |
1 |
|
|a геофизические характеристики
|
| 610 |
1 |
|
|a тектонические элементы
|
| 610 |
1 |
|
|a складчатые зоны
|
| 610 |
1 |
|
|a срединные массивы
|
| 610 |
1 |
|
|a платформы
|
| 610 |
1 |
|
|a щиты
|
| 610 |
1 |
|
|a месторождения
|
| 610 |
1 |
|
|a локализация
|
| 610 |
1 |
|
|a Библиотека Л. П. Рихванова
|
| 610 |
1 |
|
|a дарственные надписи
|
| 610 |
1 |
|
|a дары библиотеке
|
| 675 |
|
|
|a 553.078
|v 3
|
| 700 |
|
1 |
|a Щеглов
|b А. Д.
|g Алексей Дмитриевич
|
| 801 |
|
1 |
|a RU
|b 63413507
|c 20150219
|
| 801 |
|
2 |
|a RU
|b 63413507
|c 20220825
|g RCR
|
| 942 |
|
|
|c BK
|